| 000 | 01010cam a2200301 a 4500 | ||
|---|---|---|---|
| 999 |
_c330983 _d330983 |
||
| 001 | 13213581 | ||
| 003 | NUST | ||
| 005 | 20170825123747.0 | ||
| 008 | 011130s2001 pk a b 000 0 eng | ||
| 010 | _a 2001288968 | ||
| 020 | _a969351257X | ||
| 025 | _aP-E-2001288968 ;12 | ||
| 035 | _a(DLC) 2001288968 | ||
| 040 |
_aDLC _cDLC |
||
| 042 | _alcode | ||
| 043 | _aa-pk--- | ||
| 050 | 0 | 0 |
_aDS392.2.S25 _bR37 2001 |
| 082 |
_a 954.9142 _bRAS |
||
| 100 | 1 |
_aRashid, Salman, _d1952- _93759 |
|
| 245 | 1 | 4 |
_aThe Salt Range and the Potohar Plateau / _cSalman Rashid. |
| 260 |
_aLahore : _bSang-e-Meel Publications, _c2001. |
||
| 300 |
_a164 p. : _bcol. ill. ; _c19 x 25 cm. |
||
| 504 | _aIncludes bibliographical references (p. 163-164). | ||
| 651 | 0 |
_aSalt Range (Pakistan) _xHistory. _94278 |
|
| 651 | 0 |
_aPotwar (Pakistan) _xHistory. _94279 |
|
| 906 |
_a7 _bcbc _corigode _d3 _encip _f20 _gy-gencatlg |
||
| 942 |
_2ddc _cBK |
||